| 000 | 00440cam a2200193 4500 | ||
|---|---|---|---|
| 008 | 090401t1988 xxu||||| |||| 00| 0 eng d | ||
| 020 | _a0421375000 | ||
| 035 | _a(Sirsi) u8618 | ||
| 041 | _aeng | ||
| 050 | _a346.410433 | ||
| 100 | _aThompson, M.P. | ||
| 245 | _aCo-ownership | ||
| 260 |
_aLondon _bSweet and Maxwell _c1988 |
||
| 300 | _axxv,151p. ; 25cm. | ||
| 350 | _a18.5 | ||
| 650 | _aLAW | ||
| 942 | _n0 | ||
| 948 | _c04/03/1997 | ||
| 999 |
_c86537 _d86537 |
||